[Event "SVK-chT2A 2122"]
[Site "Slovakia"]
[Date "2022.05.01"]
[Round "11.4"]
[White "Travenec, Igor"]
[Black "Bincik, Pavol"]
[Result "1-0"]
[WhiteElo "2106"]
[BlackElo "1939"]
[PlyCount "171"]
[EventDate "2021.10.16"]
[EventType "team-tourn"]
[EventRounds "11"]
[EventCountry "SVK"]
[SourceTitle "EXT 2023"]
[Source "ChessBase"]
[SourceDate "2022.10.05"]
[SourceVersion "1"]
[SourceVersionDate "2022.10.05"]
[SourceQuality "1"]
[WhiteTeam "Bratislava Slovan IV"]
[BlackTeam "Piestany Kupele"]
[WhiteTeamCountry "SVK"]
[BlackTeamCountry "SVK"]

1. e4 c6 2. d4 d5 3. Nc3 dxe4 4. Nxe4 Bf5 5. Ng3 Bg6 6. h4 h6 7. Nf3 Nd7 8. h5 Bh7 9. Bd3 Bxd3 10. Qxd3 Ngf6 11. Bd2 Qc7 12. 0-0-0 e6 13. Ne4 Nxe4 14. Qxe4 Nf6 15. Qe2 0-0-0 16. c3 Bd6 17. Kb1 Rhe8 18. Ne5 Bxe5 19. dxe5 Nd7 20. f4 f5 21. Be3 Nb6 22. Bc5 Rxd1+ 23. Rxd1 Rd8 24. Bd6 Qf7 25. c4 g6 26. hxg6 Qxg6 27. b3 h5 28. Be7 Rxd1+ 29. Qxd1 Qe8 30. Bc5 Qd7 31. Bd6 Qf7 32. a4 Nd7 33. a5 Qg6 34. Qd2 Qe8 35. Qe3 b6 36. b4 Kb7 37. Qf3 bxa5 38. bxa5 Nb8 39. Qb3+ Ka8 40. Kc1 Na6 41. c5 Qg8 42. g3 Qc8 43. Qc4 Kb7 44. Kd1 Qg8 45. Qb3+ Kc8 46. Ke1 Nc7 47. Bxc7 Kxc7 48. Qd3 Qe8 49. a6 Qd7 50. Qd6+ Kd8 51. Kf2 Ke8 52. Kg2 Qc8 53. Kh3 Kf7 54. Kh4 Qg8 55. Qd7+ Kg6 56. Qe7 Kh6 57. Qf6+ Kh7 58. Qg5 Qf8 59. Qxh5+ Kg7 60. g4 Qxc5 61. Qg5+ Kh7 62. gxf5 Qf2+ 63. Qg3 Qxg3+ 64. Kxg3 exf5 65. Kf3 Kg7 66. Ke3 Kf7 67. Kd4 Ke7 68. Kc4 Kd8 69. Kc5 Kd7 70. e6+ Kxe6 71. Kxc6 Ke7 72. Kd5 Kd7 73. Ke5 Kc6 74. Kxf5 Kb6 75. Ke6 Kxa6 76. f5 Kb5 77. f6 a5 78. f7 Kc4 79. f8Q Kb3 80. Qf1 Kb2 81. Qe2+ Ka3 82. Kd5 a4 83. Qc2 Kb4 84. Qa2 a3 85. Kd4 Ka4 86. Kc5 1-0

[Event "SVK-chT2A 2122"]
[Site "Slovakia"]
[Date "2022.04.30"]
[Round "10.4"]
[White "Bincik, Pavol"]
[Black "Cambel, Vladimir"]
[Result "1/2-1/2"]
[WhiteElo "1939"]
[BlackElo "1984"]
[PlyCount "116"]
[EventDate "2021.10.16"]
[EventType "team-tourn"]
[EventRounds "11"]
[EventCountry "SVK"]
[SourceTitle "EXT 2023"]
[Source "ChessBase"]
[SourceDate "2022.10.05"]
[SourceVersion "1"]
[SourceVersionDate "2022.10.05"]
[SourceQuality "1"]
[WhiteTeam "Piestany Kupele"]
[BlackTeam "Bratislava Slovan V"]
[WhiteTeamCountry "SVK"]
[BlackTeamCountry "SVK"]

1. d4 d5 2. c4 c6 3. Nc3 Nf6 4. Bg5 dxc4 5. e4 b5 6. f3 Bb7 7. Nge2 Nbd7 8. Ng3 h6 9. Bf4 Qb6 10. Nf5 g6 11. Ng3 Rd8 12. Qc2 Qxd4 13. Bc7 Rc8 14. Ba5 e6 15. Nce2 Qe3 16. Bd2 Qb6 17. Nf4 Bg7 18. Be2 0-0 19. Nf1 Ne5 20. Be3 c5 21. h4 Nc6 22. Kf2 Nd4 23. Qc1 h5 24. Bd1 Rfd8 25. Nh3 Bxe4 26. fxe4 Nxe4+ 27. Kg1 Nf5 28. Bc2 Qc6 29. Nf2 Neg3 30. Nxg3 Nxg3 31. Qb1 Nxh1 32. Kxh1 f5 33. Bg5 Rd4 34. a4 b4 35. a5 b3 36. Bd1 e5 37. Be2 Bf6 38. Qc1 Bxg5 39. Bxc4+ Kg7 40. hxg5 Rcd8 41. Qc3 Qd6 42. Kg1 Qe7 43. Nd3 Kh7 44. Re1 e4 45. Nf4 Rd1 46. Bxb3 Rxe1+ 47. Qxe1 Qe5 48. Qh4 c4 49. Ba4 Kg7 50. Qg3 Kf7 51. b3 Rd3 52. Qf2 Rd1+ 53. Kh2 e3 54. Qf3 Qe4 55. Qxd1 Qxf4+ 56. Kh1 Qh4+ 57. Kg1 Qf2+ 58. Kh2 Qh4+ 1/2-1/2

[Event "SVK-chT2A 2122"]
[Site "Slovakia"]
[Date "2022.03.26"]
[Round "8.5"]
[White "Pozsar, Peter"]
[Black "Bincik, Pavol"]
[Result "0-1"]
[WhiteElo "1822"]
[BlackElo "1931"]
[PlyCount "78"]
[EventDate "2021.10.16"]
[EventType "team-tourn"]
[EventRounds "11"]
[EventCountry "SVK"]
[SourceTitle "EXT 2023"]
[Source "ChessBase"]
[SourceDate "2022.10.05"]
[SourceVersion "1"]
[SourceVersionDate "2022.10.05"]
[SourceQuality "1"]
[WhiteTeam "Senec"]
[BlackTeam "Piestany Kupele"]
[WhiteTeamCountry "SVK"]
[BlackTeamCountry "SVK"]

1. d4 Nf6 2. c4 e5 3. d5 Bc5 4. e3 d6 5. Nc3 Bf5 6. Bd3 Qc8 7. h3 0-0 8. e4 Bg6 9. Nge2 Nbd7 10. Bd2 Bd4 11. Qc2 c6 12. Rc1 Bb6 13. b4 a6 14. 0-0 Kh8 15. Kh1 Ng8 16. Ng3 Ne7 17. f4 f6 18. Be2 exf4 19. Bxf4 Ne5 20. Na4 Bc7 21. Qb3 a5 22. c5 axb4 23. cxd6 Bxd6 24. Nb6 Qc7 25. Nxa8 Rxa8 26. Bxe5 Bxe5 27. Nf5 Bxf5 28. exf5 Nxd5 29. Rfd1 Nc3 30. Rd2 Bf4 31. Rxc3 bxc3 32. Rc2 Bd2 33. Qe6 Qg3 34. Bc4 Rd8 35. Qe7 Rb8 36. Qe6 b5 37. Bf1 Bf4 38. Kg1 Be3+ 39. Kh1 Qe1 0-1

[Event "SVK-chT2A 2122"]
[Site "Slovakia"]
[Date "2021.11.14"]
[Round "4.5"]
[White "Cechovic, Stefan"]
[Black "Bincik, Pavol"]
[Result "1/2-1/2"]
[WhiteElo "2099"]
[BlackElo "1931"]
[PlyCount "59"]
[EventDate "2021.10.16"]
[EventType "team-tourn"]
[EventRounds "11"]
[EventCountry "SVK"]
[SourceTitle "EXT 2023"]
[Source "ChessBase"]
[SourceDate "2022.10.05"]
[SourceVersion "1"]
[SourceVersionDate "2022.10.05"]
[SourceQuality "1"]
[WhiteTeam "Cífer"]
[BlackTeam "Piestany Kupele"]
[WhiteTeamCountry "SVK"]
[BlackTeamCountry "SVK"]

1. b3 d5 2. Bb2 Bf5 3. f4 e6 4. Nf3 Nf6 5. e3 Nbd7 6. Be2 h6 7. Ne5 Nxe5 8. Bxe5 Ne4 9. 0-0 f6 10. Bb2 Bc5 11. Bh5+ Kd7 12. Bf3 Qe7 13. d4 Bd6 14. c4 c6 15. Bxe4 Bxe4 16. Nc3 f5 17. Nxe4 fxe4 18. Qg4 h5 19. Qh3 g5 20. fxg5 Rag8 21. Rf6 Rxg5 22. Raf1 Rh7 23. Bc3 Rhg7 24. Be1 Qe8 25. R1f2 Rg4 26. Rh6 R7g5 27. Rh7+ Kc8 28. Rh6 Kd7 29. Rh7+ Kc8 30. Rh6 1/2-1/2

[Event "SVK-chT2A 2122"]
[Site "Slovakia"]
[Date "2021.10.17"]
[Round "2.5"]
[White "Mandak, Miroslav"]
[Black "Bincik, Pavol"]
[Result "1/2-1/2"]
[WhiteElo "1868"]
[BlackElo "1931"]
[PlyCount "94"]
[EventDate "2021.10.16"]
[EventType "team-tourn"]
[EventRounds "11"]
[EventCountry "SVK"]
[SourceTitle "EXT 2023"]
[Source "ChessBase"]
[SourceDate "2022.10.05"]
[SourceVersion "1"]
[SourceVersionDate "2022.10.05"]
[SourceQuality "1"]
[WhiteTeam "Krasnany"]
[BlackTeam "Piestany Kupele"]
[WhiteTeamCountry "SVK"]
[BlackTeamCountry "SVK"]

1. e4 c6 2. d4 d5 3. Nc3 dxe4 4. Nxe4 Bf5 5. Ng3 Bg6 6. Nf3 Nd7 7. h4 h6 8. h5 Bh7 9. Bd3 Bxd3 10. Qxd3 e6 11. Be3 Qa5+ 12. c3 Ngf6 13. Nd2 Qc7 14. Nde4 Nd5 15. Ne2 0-0-0 16. Qc4 f5 17. Nc5 Bxc5 18. dxc5 Nxe3 19. fxe3 Qe5 20. b4 Qxe3 21. Rh3 Qe5 22. 0-0-0 Nf6 23. Rhd3 Nd5 24. R1d2 Nc7 25. a4 a6 26. Nd4 Qd5 27. Qxd5 Rxd5 28. Rg3 Rg8 29. Re2 f4 30. Rg6 Rxh5 31. Nxe6 Nxe6 32. Rexe6 Rf5 33. Re7 Rg5 34. Rxg5 hxg5 35. Re5 g4 36. Rg5 g3 37. Kd2 Kd7 38. Ke2 Re8+ 39. Kf3 Re3+ 40. Kxf4 Rxc3 41. Rxg7+ Kc8 42. Rg4 Rb3 43. Ke5 Kc7 44. a5 Kd7 45. Rg7+ Kc8 46. Rg4 Kd7 47. Kf5 Kd8 1/2-1/2

[Event "SVK-chT2A 1920"]
[Site "Slovakia"]
[Date "2019.12.15"]
[Round "6.5"]
[White "Bincik, Pavol"]
[Black "Gzib, David"]
[Result "1/2-1/2"]
[WhiteElo "1934"]
[BlackElo "1994"]
[PlyCount "99"]
[EventDate "2019.10.26"]
[EventType "team-tourn"]
[EventRounds "11"]
[EventCountry "SVK"]
[SourceTitle "CBM 194 Extra"]
[Source "ChessBase"]
[SourceDate "2020.03.31"]
[SourceVersion "1"]
[SourceVersionDate "2020.03.31"]
[SourceQuality "1"]
[WhiteTeam "Piestany Kupele"]
[BlackTeam "Osuske II"]
[WhiteTeamCountry "SVK"]
[BlackTeamCountry "SVK"]

1. d4 Nf6 2. c4 g6 3. Nc3 d5 4. cxd5 Nxd5 5. e4 Nxc3 6. bxc3 Bg7 7. Bc4 c5 8. Be3 Nc6 9. Ne2 cxd4 10. cxd4 0-0 11. 0-0 Na5 12. Bd3 Be6 13. d5 Bd7 14. Rc1 b6 15. Qd2 Rc8 16. Ba6 Rxc1 17. Rxc1 Qb8 18. Qc2 Be5 19. f4 Bd6 20. g3 Nb7 21. Bxb7 Qxb7 22. Qd3 Rc8 23. Kg2 Rxc1 24. Bxc1 Qc8 25. Bb2 Bh3+ 26. Kh1 Qc5 27. Qd4 Qxd4 28. Nxd4 Bc5 29. Kg1 Bd7 30. Kf2 Kf8 31. Kf3 Bxd4 32. Bxd4 Ke8 33. Ke3 Bb5 34. a3 Kd7 35. g4 e6 36. Bg7 f5 37. gxf5 gxf5 38. exf5 exd5 39. Be5 Bc4 40. Kd4 Ke7 41. Ke3 Ba2 42. Kf3 Bb1 43. Kg4 b5 44. Kg5 Kf7 45. f6 a5 46. Bc3 a4 47. f5 Bc2 48. Kf4 Bd3 49. Ke5 Bc4 50. Kd6 1/2-1/2

[Event "SVK-chT2A 1819"]
[Site "Slovakia"]
[Date "2019.04.06"]
[Round "10.5"]
[White "Merva, Frantisek"]
[Black "Bincik, Pavol"]
[Result "0-1"]
[WhiteElo "2070"]
[BlackElo "1931"]
[PlyCount "70"]
[EventDate "2018.10.13"]
[EventType "team-tourn"]
[EventRounds "11"]
[EventCountry "SVK"]
[SourceTitle "EXT 2020"]
[Source "ChessBase"]
[SourceDate "2019.10.17"]
[SourceVersion "1"]
[SourceVersionDate "2019.10.17"]
[SourceQuality "1"]
[WhiteTeam "Senec"]
[BlackTeam "Piestany Kupele"]
[WhiteTeamCountry "SVK"]
[BlackTeamCountry "SVK"]

1. d4 Nf6 2. c4 e5 3. dxe5 Ng4 4. Nf3 Bc5 5. e3 Nc6 6. a3 a5 7. Nc3 Ngxe5 8. b3 0-0 9. Bb2 Re8 10. Be2 Nxf3+ 11. Bxf3 Ne5 12. 0-0 Nxf3+ 13. Qxf3 Ra6 14. Nd5 Rh6 15. Qg3 Rg6 16. Qxc7 Qg5 17. g3 Bd6 18. Qxa5 h5 19. Qd2 h4 20. Nf4 Bxf4 21. exf4 Qf5 22. Rae1 Rge6 23. Re5 Rxe5 24. fxe5 h3 25. f3 b5 26. cxb5 Bb7 27. a4 Rc8 28. Bc3 Qe6 29. Bd4 Qxb3 30. Qe3 Qa2 31. Qf2 Rc2 32. a5 Rxf2 33. Rxf2 Qxa5 34. b6 Qe1+ 35. Rf1 Qd2 0-1

[Event "SVK-chT2A 1718"]
[Site "Slovakia"]
[Date "2018.01.13"]
[Round "5.3"]
[White "Kavon, Rastislav"]
[Black "Bincik, Pavol"]
[Result "1-0"]
[WhiteElo "2182"]
[BlackElo "1932"]
[PlyCount "81"]
[EventDate "2017.10.28"]
[EventType "team-tourn"]
[EventRounds "11"]
[EventCountry "SVK"]
[SourceTitle "EXT 2019"]
[Source "ChessBase"]
[SourceDate "2018.10.10"]
[SourceVersion "1"]
[SourceVersionDate "2018.10.10"]
[SourceQuality "1"]
[WhiteTeam "Trnava Lokomotiva II"]
[BlackTeam "Piestany Loewe"]
[WhiteTeamCountry "SVK"]
[BlackTeamCountry "SVK"]

1. e4 c6 2. d4 d5 3. Nc3 dxe4 4. Nxe4 Bf5 5. Ng3 Bg6 6. h4 h6 7. Nf3 Nd7 8. h5 Bh7 9. Bd3 Bxd3 10. Qxd3 Ngf6 11. Bd2 e6 12. 0-0-0 Qc7 13. Ne4 Nxe4 14. Qxe4 Nf6 15. Qe2 0-0-0 16. g3 Bd6 17. c4 c5 18. Bc3 Rhe8 19. Kb1 Kb8 20. b3 Kc8 21. Rh4 cxd4 22. Nxd4 a6 23. Rd2 Rd7 24. Rc2 Bc5 25. b4 Bxd4 26. Bxd4 e5 27. Bc3 Rde7 28. b5 Kb8 29. Bb4 Re6 30. a4 Rc8 31. c5 Nd5 32. Qd2 Qd7 33. Qd3 Rd8 34. Ba5 Rc8 35. Qb3 Ne7 36. Rd2 Qe8 37. c6 Nxc6 38. bxc6 Rexc6 39. Rb2 b6 40. Rb4 Rc1+ 41. Ka2 1-0

[Event "SVK-chT2A 1718"]
[Site "Slovakia"]
[Date "2017.11.25"]
[Round "3.4"]
[White "Bincik, Pavol"]
[Black "Janos, Ivan"]
[Result "0-1"]
[WhiteElo "1932"]
[BlackElo "2091"]
[PlyCount "60"]
[EventDate "2017.10.28"]
[EventType "team-tourn"]
[EventRounds "11"]
[EventCountry "SVK"]
[SourceTitle "EXT 2019"]
[Source "ChessBase"]
[SourceDate "2018.10.10"]
[SourceVersion "1"]
[SourceVersionDate "2018.10.10"]
[SourceQuality "1"]
[WhiteTeam "Piestany Loewe"]
[BlackTeam "Krasnany"]
[WhiteTeamCountry "SVK"]
[BlackTeamCountry "SVK"]

1. d4 Nf6 2. c4 e6 3. Nf3 c5 4. d5 exd5 5. cxd5 d6 6. Nc3 g6 7. e4 a6 8. a4 Bg7 9. Bd3 Nbd7 10. h3 Nh5 11. Bg5 Qb6 12. Qd2 h6 13. Be3 g5 14. a5 Qd8 15. Na4 Rb8 16. 0-0 Ne5 17. Nxe5 Bxe5 18. Qe2 Nf4 19. Bxf4 Bxf4 20. Qh5 Qf6 21. g3 Be5 22. Nb6 Bxb2 23. Rab1 0-0 24. Nc4 Bd4 25. Kg2 Bd7 26. f4 Bb5 27. e5 Qg7 28. fxg5 Bxc4 29. Bxc4 Bxe5 30. gxh6 Qxg3+ 0-1

[Event "SVK-chT2A 1718"]
[Site "Slovakia"]
[Date "2017.10.29"]
[Round "2.4"]
[White "Sosovicka, Jakub"]
[Black "Bincik, Pavol"]
[Result "1/2-1/2"]
[WhiteElo "2101"]
[BlackElo "1932"]
[PlyCount "42"]
[EventDate "2017.10.28"]
[EventType "team-tourn"]
[EventRounds "11"]
[EventCountry "SVK"]
[SourceTitle "EXT 2019"]
[Source "ChessBase"]
[SourceDate "2018.10.10"]
[SourceVersion "1"]
[SourceVersionDate "2018.10.10"]
[SourceQuality "1"]
[WhiteTeam "Bratislava Doprastav II"]
[BlackTeam "Piestany Loewe"]
[WhiteTeamCountry "SVK"]
[BlackTeamCountry "SVK"]

1. e4 c6 2. d4 d5 3. Nc3 dxe4 4. Nxe4 Bf5 5. Ng3 Bg6 6. h4 h6 7. h5 Bh7 8. Nf3 Nd7 9. Bd3 Bxd3 10. Qxd3 Ngf6 11. Bf4 Qa5+ 12. Bd2 Qc7 13. 0-0-0 e6 14. Qe2 0-0-0 15. Ne5 Nb6 16. Ba5 c5 17. Rh4 Kb8 18. Kb1 Bd6 19. Bxb6 axb6 20. f4 Nd5 21. c4 Nb4 1/2-1/2

[Event "SVK-chT3A2 1617"]
[Site "Slovakia"]
[Date "2017.02.19"]
[Round "9.4"]
[White "Bincik, Pavol"]
[Black "Lanik, Miroslav"]
[Result "1/2-1/2"]
[WhiteElo "1938"]
[BlackElo "1876"]
[PlyCount "89"]
[EventDate "2016.10.16"]
[EventType "team-tourn"]
[EventRounds "11"]
[EventCountry "SVK"]
[SourceTitle "EXT 2020"]
[Source "ChessBase"]
[SourceDate "2019.10.17"]
[SourceVersion "1"]
[SourceVersionDate "2019.10.17"]
[SourceQuality "1"]
[WhiteTeam "Piestany Kupele"]
[BlackTeam "Senica SK"]
[WhiteTeamCountry "SVK"]
[BlackTeamCountry "SVK"]

1. d4 d5 2. c4 c6 3. Nc3 Nf6 4. Nf3 e6 5. Bg5 Nbd7 6. e3 Qa5 7. Nd2 Bb4 8. Qc2 0-0 9. Bxf6 Nxf6 10. Bd3 h6 11. 0-0 Bd7 12. Nf3 Rac8 13. a3 Bxc3 14. b4 Qc7 15. Qxc3 b5 16. c5 Ra8 17. a4 a6 18. Ne5 Qb7 19. h3 Rfc8 20. g4 Be8 21. f4 Ne4 22. Bxe4 dxe4 23. Qc2 f6 24. Qxe4 fxe5 25. Qxe5 Bf7 26. f5 exf5 27. Qxf5 Rf8 28. Rf4 Bc4 29. Qg6 Qe7 30. Rxf8+ Rxf8 31. e4 Qf6 32. Qxf6 Rxf6 33. axb5 axb5 34. Rd1 Kf7 35. d5 cxd5 36. exd5 Ke7 37. Re1+ Kd7 38. d6 Rf7 39. Ra1 Kc6 40. Ra6+ Kd5 41. Ra1 Ke6 42. Re1+ Kd7 43. Re5 Kc6 44. Re1 Kd7 45. Re5 1/2-1/2

[Event "SVK-chT3A2 1415"]
[Site "Slovakia"]
[Date "2014.10.19"]
[Round "1.4"]
[White "Vlkovic, Pavol"]
[Black "Bincik, Pavol"]
[Result "1/2-1/2"]
[WhiteElo "1820"]
[BlackElo "1941"]
[PlyCount "108"]
[EventDate "2014.10.19"]
[EventType "team-tourn"]
[EventRounds "11"]
[EventCountry "SVK"]
[SourceTitle "EXT 2019"]
[Source "ChessBase"]
[SourceDate "2018.10.10"]
[SourceVersion "1"]
[SourceVersionDate "2018.10.10"]
[SourceQuality "1"]

1. e4 c6 2. d3 d5 3. Qe2 Nf6 4. e5 Ng8 5. d4 Qb6 6. c3 Bf5 7. Nf3 e6 8. Nh4 Bg6 9. Nxg6 hxg6 10. Nd2 c5 11. Nf3 Nc6 12. Be3 Nh6 13. Qb5 Nf5 14. Qxb6 axb6 15. Bb5 Be7 16. g3 Ra5 17. a4 0-0 18. Ke2 Rfa8 19. b3 Rd8 20. h4 Raa8 21. h5 gxh5 22. Rxh5 g6 23. Rh2 Kg7 24. Bxc6 bxc6 25. Rah1 Rh8 26. Bg5 Rxh2 27. Rxh2 Bxg5 28. Nxg5 Kg8 29. Kd3 cxd4 30. cxd4 Ra5 31. Nh7 Ng7 32. Nf6+ Kf8 33. Rh7 Nf5 34. Nd7+ Kg8 35. Nf6+ Kf8 36. Rh8+ Kg7 37. Rg8+ Kh6 38. g4 Ne7 39. Rh8+ Kg5 40. Ke3 Nf5+ 41. gxf5 b5 42. f4+ Kxf5 43. Ng8 Kg4 44. Rh1 bxa4 45. Nf6+ Kg3 46. Rg1+ Kh2 47. Kf2 Rb5 48. Ng4+ Kh3 49. Kf3 Rxb3+ 50. Ne3 Kh2 51. Rg4 a3 52. Rh4+ Kg1 53. Rg4+ Kh2 54. Rh4+ Kg1 1/2-1/2

[Event "SVK-chT3A2 1314"]
[Site "Slovakia"]
[Date "2013.11.10"]
[Round "3.6"]
[White "Bincik, Pavol"]
[Black "Sebesta, Radovan"]
[Result "1/2-1/2"]
[WhiteElo "1952"]
[BlackElo "2035"]
[PlyCount "45"]
[EventDate "2013.10.13"]
[EventType "team-tourn"]
[EventRounds "11"]
[EventCountry "SVK"]
[SourceTitle "EXT 2015"]
[Source "ChessBase"]
[SourceDate "2014.11.20"]
[SourceVersion "1"]
[SourceVersionDate "2014.11.20"]
[SourceQuality "1"]
[WhiteTeam "Piestany Kupele"]
[BlackTeam "Senica SK"]
[WhiteTeamCountry "SVK"]
[BlackTeamCountry "SVK"]

1. d4 Nf6 2. c4 e6 3. Nf3 b6 4. g3 Ba6 5. Qc2 Bb4+ 6. Bd2 Qe7 7. Bg2 Bb7 8. a3 Bxd2+ 9. Nbxd2 0-0 10. 0-0 d6 11. b4 Nbd7 12. Nb3 c5 13. dxc5 dxc5 14. b5 Rfd8 15. Rfd1 Nf8 16. Ne5 Bxg2 17. Kxg2 Qb7+ 18. Kg1 Ng6 19. Nc6 Rxd1+ 20. Rxd1 a6 21. a4 axb5 22. axb5 Ne7 23. Ne5 1/2-1/2

[Event "SVK-chT3A2 1314"]
[Site "Slovakia"]
[Date "2013.10.27"]
[Round "2.2"]
[White "Kovarik, Otto"]
[Black "Bincik, Pavol"]
[Result "1-0"]
[WhiteElo "1925"]
[BlackElo "1952"]
[PlyCount "109"]
[EventDate "2013.10.13"]
[EventType "team-tourn"]
[EventRounds "11"]
[EventCountry "SVK"]
[SourceTitle "EXT 2015"]
[Source "ChessBase"]
[SourceDate "2014.11.20"]
[SourceVersion "1"]
[SourceVersionDate "2014.11.20"]
[SourceQuality "1"]
[WhiteTeam "Holic"]
[BlackTeam "Piestany Kupele"]
[WhiteTeamCountry "SVK"]
[BlackTeamCountry "SVK"]

1. e4 c6 2. d4 d5 3. Nd2 dxe4 4. Nxe4 Bf5 5. Ng3 Bg6 6. Nf3 Nf6 7. Bd3 Bxd3 8. Qxd3 e6 9. 0-0 Qc7 10. c4 Nbd7 11. Re1 0-0-0 12. Be3 Ng4 13. Rad1 Nxe3 14. fxe3 Nf6 15. Ne4 h6 16. a3 Be7 17. b4 Nxe4 18. Qxe4 Rhe8 19. Qb1 g5 20. Qe4 Bf6 21. a4 Bg7 22. b5 f5 23. Qb1 g4 24. Nh4 Qf7 25. g3 Rd7 26. a5 cxb5 27. cxb5 Kb8 28. Ng2 Red8 29. Nf4 Rc7 30. Qb3 e5 31. Qxf7 Rxf7 32. Ne6 Re8 33. Nxg7 Rxg7 34. Rf1 Rf7 35. e4 exd4 36. Rxd4 Ref8 37. b6 a6 38. exf5 Kc8 39. Rc1+ Kb8 40. Rc5 h5 41. Rf4 Rf6 42. Kg2 Rc6 43. Rxc6 bxc6 44. h3 Kb7 45. hxg4 hxg4 46. f6 c5 47. Kf2 Kc6 48. f7 Kd6 49. Ke3 Ke7 50. Kd3 Rd8+ 51. Kc4 Kf8 52. Kxc5 Rc8+ 53. Kd6 Rc3 54. b7 Rb3 55. Kc7 1-0

[Event "SVK-chT3A2 1213"]
[Site "Slovakia"]
[Date "2013.02.24"]
[Round "9.2"]
[White "Lukacovic, Miroslav"]
[Black "Bincik, Pavol"]
[Result "1/2-1/2"]
[WhiteElo "1997"]
[BlackElo "1937"]
[PlyCount "105"]
[EventDate "2012.10.07"]
[EventType "team-tourn"]
[EventRounds "11"]
[EventCountry "SVK"]
[SourceTitle "EXT 2015"]
[Source "ChessBase"]
[SourceDate "2014.11.20"]
[SourceVersion "1"]
[SourceVersionDate "2014.11.20"]
[SourceQuality "1"]
[WhiteTeam "Trnava Lokomotiva Solartec IV"]
[BlackTeam "Piestany Kupele II"]
[WhiteTeamCountry "SVK"]
[BlackTeamCountry "SVK"]

1. d4 c6 2. c4 d5 3. Nc3 Nf6 4. Nf3 dxc4 5. a4 Bf5 6. e3 e6 7. Bxc4 Bb4 8. Bd2 0-0 9. 0-0 Nbd7 10. Re1 Rc8 11. Qb3 a5 12. Nb1 c5 13. Bxb4 cxb4 14. Nbd2 Nb6 15. Rac1 Qe7 16. Bb5 Ne4 17. Nxe4 Bxe4 18. Nd2 Bd5 19. Qd3 f5 20. Nc4 Nxc4 21. Bxc4 Qd7 22. Bb5 Qd6 23. Qd2 Rfd8 24. Rxc8 Rxc8 25. Rc1 Rc7 26. Bd3 Bb3 27. Bb5 Bd5 28. f3 Qd8 29. Kf2 Qc8 30. Rxc7 Qxc7 31. g3 Bb3 32. e4 Qc2 33. Qxc2 Bxc2 34. Bc4 Kf7 35. exf5 Bxf5 36. Ke3 Bc2 37. b3 Kf6 38. f4 Ke7 39. g4 h6 40. h4 Kd6 41. g5 b6 42. Kd2 Be4 43. Ke3 Bc2 44. Kf3 Bd1+ 45. Kf2 Bc2 46. Ke2 Be4 47. Kd2 Bf3 48. Bd3 Kd5 49. Ke3 Bd1 50. Bc4+ Kd6 51. Kd3 Bf3 52. Kc2 Be4+ 53. Kd2 1/2-1/2

[Event "SVK-chT2A 1213"]
[Site "Slovakia"]
[Date "2012.12.16"]
[Round "6.7"]
[White "Bincik, Pavol"]
[Black "Pericka, Tomas"]
[Result "1/2-1/2"]
[WhiteElo "1937"]
[BlackElo "2029"]
[PlyCount "26"]
[EventDate "2012.10.13"]
[EventType "team-tourn"]
[EventRounds "11"]
[EventCountry "SVK"]
[SourceTitle "EXT 2015"]
[Source "ChessBase"]
[SourceDate "2014.11.20"]
[SourceVersion "1"]
[SourceVersionDate "2014.11.20"]
[SourceQuality "1"]
[WhiteTeam "Piestany Kupele"]
[BlackTeam "Osuske II"]
[WhiteTeamCountry "SVK"]
[BlackTeamCountry "SVK"]

1. d4 Nf6 2. c4 g6 3. Nc3 d5 4. cxd5 Nxd5 5. e4 Nxc3 6. bxc3 Bg7 7. Bc4 0-0 8. Nf3 c5 9. 0-0 Bg4 10. Rb1 Nc6 11. Be2 cxd4 12. cxd4 Qa5 13. Qd2 Qxd2 1/2-1/2

[Event "SVK-chT3A2 1213"]
[Site "Slovakia"]
[Date "2012.11.18"]
[Round "4.3"]
[White "Bincik, Pavol"]
[Black "Bahna, Jan"]
[Result "1/2-1/2"]
[WhiteElo "1937"]
[BlackElo "1943"]
[PlyCount "80"]
[EventDate "2012.10.07"]
[EventType "team-tourn"]
[EventRounds "11"]
[EventCountry "SVK"]
[SourceTitle "EXT 2015"]
[Source "ChessBase"]
[SourceDate "2014.11.20"]
[SourceVersion "1"]
[SourceVersionDate "2014.11.20"]
[SourceQuality "1"]
[WhiteTeam "Piestany Kupele II"]
[BlackTeam "Trnava Lokomotiva Solartec III"]
[WhiteTeamCountry "SVK"]
[BlackTeamCountry "SVK"]

1. d4 d5 2. c4 e6 3. Nc3 Nf6 4. Bg5 Be7 5. e3 h6 6. Bh4 0-0 7. Nf3 a6 8. cxd5 exd5 9. Bd3 c6 10. 0-0 Ne4 11. Bxe7 Qxe7 12. Ne5 Nd7 13. Bxe4 Nxe5 14. Bxd5 Ng4 15. Bf3 Qh4 16. Bxg4 Bxg4 17. f3 Be6 18. Qe1 Qd8 19. Qf2 f5 20. Rad1 Qa5 21. Rd2 Rad8 22. Rfd1 Rd7 23. Qg3 Rfd8 24. h3 Kh7 25. Kh1 g5 26. f4 Rg8 27. fxg5 Rxg5 28. Qf4 Rdg7 29. a3 Bb3 30. Rg1 Bd5 31. Kh2 Be6 32. Rf2 Bd7 33. Rd1 Be6 34. d5 cxd5 35. Qe5 Qb6 36. Nxd5 Bxd5 37. Rxd5 Qc6 38. Qd6 Qc8 39. Qc5 Qg8 40. Rdd2 Qe6 1/2-1/2

[Event "SVK-chT2A 1112"]
[Site "Slovakia"]
[Date "2012.01.28"]
[Round "8.6"]
[White "Bincik, Pavol"]
[Black "Chovanec, Vladimir"]
[Result "1/2-1/2"]
[WhiteElo "1916"]
[BlackElo "2114"]
[PlyCount "27"]
[EventDate "2011.10.08"]
[EventType "team-tourn"]
[EventRounds "11"]
[EventCountry "SVK"]
[SourceTitle "EXT 2013"]
[Source "ChessBase"]
[SourceDate "2012.11.22"]
[SourceVersion "1"]
[SourceVersionDate "2012.11.22"]
[SourceQuality "1"]
[WhiteTeam "Piestany Kupele"]
[BlackTeam "Bratislava Doprastav II"]
[WhiteTeamCountry "SVK"]
[BlackTeamCountry "SVK"]

1. d4 e6 2. c4 f5 3. Nc3 Nf6 4. g3 Be7 5. Bg2 0-0 6. Nf3 d6 7. b4 a5 8. b5 Ne4 9. Nxe4 fxe4 10. Nd2 d5 11. e3 a4 12. 0-0 c6 13. bxc6 bxc6 14. f3 1/2-1/2

[Event "SVK-chT3A2 1011"]
[Site "Slovakia"]
[Date "2010.12.12"]
[Round "5.6"]
[White "Jablonicky, Martin"]
[Black "Bincik, Pavol"]
[Result "1/2-1/2"]
[WhiteElo "1884"]
[BlackElo "1909"]
[PlyCount "36"]
[EventDate "2010.10.17"]
[EventType "team-tourn"]
[EventRounds "11"]
[EventCountry "SVK"]
[SourceTitle "EXT 2012"]
[Source "ChessBase"]
[SourceDate "2011.11.24"]
[SourceVersion "1"]
[SourceVersionDate "2011.11.24"]
[SourceQuality "1"]
[WhiteTeam "Trnava Modranka"]
[BlackTeam "Piestany Kupele II"]
[WhiteTeamCountry "SVK"]
[BlackTeamCountry "SVK"]

1. d4 d5 2. Nf3 c6 3. c4 dxc4 4. e3 b5 5. a4 b4 6. Bxc4 e6 7. 0-0 a5 8. b3 Nf6 9. Bb2 Be7 10. Re1 0-0 11. Nbd2 Nbd7 12. Nf1 Nb6 13. Rc1 Bb7 14. Ng3 Rc8 15. Bf1 c5 16. Bb5 Nbd5 17. Ne5 Bd6 18. Nd3 cxd4 1/2-1/2